000 00923nam a2200313Ia 4500
001 Para_1982
003 CHAP
008 220125s1997 xx 000 0 und d
010 _a200577
040 _cCHAP
082 _aPA 589.222 G4
100 _aGea Alegría, Francisco José
_947373
245 _aMicosis del cultivo del champiñon /
_c Francisco José Gea Alegría, Javier Tello Marquina
260 _aMadrid, España :
_b Mundi-Prensa
300 _a212 p.
503 _aC/e (ej.1) \ C/e (ej.2) \ C/e (ej.3) \ C/e (ej.5)
650 _aHongos comestibles
_956124
650 _aHongos patógenos
_956136
650 _aMicosis
_975488
650 _aSetas
_9105368
700 _aTello Marquina, Javier
_9165441
901 _aPA 589.222 G4
902 _aM
905 _a0000001997 a 0000000000 00
910 _a1997
942 _cPARA
942 _cPARA
_d1
999 _c200577
_d200577